Ek Aparichit Akash ( Kashmir Ke Hindi Kaviyonki Adhunik ) (Record no. 805582)

MARC details
000 -LEADER
fixed length control field 00551nam a2200193Ia 4500
008 - FIXED-LENGTH DATA ELEMENTS--GENERAL INFORMATION
fixed length control field 101110s9999 xx 000 0 und d
041 ## - LANGUAGE CODE
Language code of text/sound track or separate title HINDI
082 ## - DEWEY DECIMAL CLASSIFICATION NUMBER
Item number SR10684
Classification number 891.431
100 ## - MAIN ENTRY--PERSONAL NAME
Personal name Sharma Rameshkumar
245 ## - TITLE STATEMENT
Title Ek Aparichit Akash ( Kashmir Ke Hindi Kaviyonki Adhunik )
365 ## - TRADE PRICE
Price amount 7.5
520 ## - SUMMARY, ETC.
Summary, etc Hindi
546 ## - LANGUAGE NOTE
Language note HINDI
630 ## - SUBJECT ADDED ENTRY--UNIFORM TITLE
Uniform title Ek Aparichit Akash ( Kashmir Ke Hindi Kaviyonki Adhunik )
650 ## - SUBJECT ADDED ENTRY--TOPICAL TERM
Topical term or geographic name as entry element Hindi
655 ## - INDEX TERM--GENRE/FORM
Genre/form data or focus term Hindi
730 ## - ADDED ENTRY--UNIFORM TITLE
Uniform title Ek Aparichit Akash ( Kashmir Ke Hindi Kaviyonki Adhunik )
942 ## - ADDED ENTRY ELEMENTS (KOHA)
Koha item type Book
Holdings
Withdrawn status Lost status Damaged status Not for loan Home library Current library Shelving location Date acquired Cost, normal purchase price Shelving control number Total Checkouts Barcode Date last seen Price effective from Koha item type
        D. B. J. College, Chiplun D. B. J. College, Chiplun   11/11/2010 7.50     DBJSR10684 11/11/2010 11/11/2010 Book